00498nam a2200193 a 4500001001300000003000900013005001700022008004100039020001000080082001700090100001600107245002000123260003400143300000800177500003500185505004100220650002700261700001600288nice12345678IN_TiNIC20260116011539.0050524s1985 laha grp 000 0 urd  ac10000a297.293bWAL aWaliullah,  aTasdeequl Masih aLahorebMatba Mohammadic1985 a33p aincludes index and biblioraphy2 a12 Volumes in Bounded in Six Volumes aIslam-Apologetic Works1 aWaliullah,